[Event "Oslo CC-chB"]
[Site "Oslo"]
[Date "2018.11.29"]
[Round "9"]
[White "Erdal Aase, Lars Iver"]
[Black "Farestveit, Odd Eirik"]
[Result "1-0"]
[WhiteElo "1485"]
[BlackElo "1179"]
[PlyCount "95"]
[EventDate "2018.09.06"]
[EventType "swiss"]
[EventRounds "9"]
[EventCountry "NOR"]
[SourceTitle "EXT 2024"]
[Source "ChessBase"]
[SourceDate "2023.10.10"]
[SourceVersion "1"]
[SourceVersionDate "2023.10.10"]
[SourceQuality "1"]

1. d4 d5 2. c4 Nf6 3. cxd5 Nxd5 4. e4 Nb6 5. Be3 e6 6. Nf3 Bb4+ 7. Nc3 0-0 8. Be2 N6d7 9. a3 Be7 10. 0-0 c5 11. Rc1 b6 12. dxc5 Nxc5 13. b4 Qxd1 14. Rfxd1 Ncd7 15. Nb5 a5 16. bxa5 Rxa5 17. Nd6 Bxd6 18. Rxd6 Rxa3 19. Bxb6 Nxb6 20. Rxb6 Ba6 21. Kf1 Bxe2+ 22. Kxe2 Nd7 23. Rbc6 h6 24. e5 g5 25. R6c4 Kg7 26. Rd1 Nb6 27. Rg4 f5 28. exf6+ Kxf6 29. h4 Nd5 30. Kf1 Kf5 31. Rc4 Rb8 32. Nd4+ Kf6 33. hxg5+ hxg5 34. Rc6 Rb6 35. Rxb6 Nxb6 36. g3 e5 37. Nc6 Ra8 38. Kg2 Re8 39. Nb4 e4 40. Nc2 Kf5 41. Ne3+ Ke5 42. Rb1 Nd5 43. Nxd5 Kxd5 44. Rb5+ Kd4 45. Rxg5 e3 46. fxe3+ Rxe3 47. Rf5 Rxg3+ 48. Kxg3 1-0